Moralidades posmodernas (Record no. 304)

MARC details
000 -LEADER
campo de control de longitud fija 00620nam a22001697a 4500
008 - DATOS DE LONGITUD FIJA--INFORMACIÓN GENERAL
campo de control de longitud fija 140829b xxu||||| |||| 00| 0 eng d
020 ## - NÚMERO INTERNACIONAL ESTÁNDAR DEL LIBRO
Número Internacional Estándar del Libro 8430928170
082 ## - NÚMERO DE LA CLASIFICACIÓN DECIMAL DEWEY
Número de clasificación 194
Número de ítem L991m
100 ## - ENTRADA PRINCIPAL--NOMBRE DE PERSONA
Nombre de persona Lyotard, Jean-Francois.
9 (RLIN) 1418
245 ## - MENCIÓN DEL TÍTULO
Título Moralidades posmodernas
Mención de responsabilidad, etc. Jean-Francois Lyotard
260 ## - PUBLICACIÓN, DISTRIBUCIÓN, ETC.
Lugar de publicación, distribución, etc. Madrid
Nombre del editor, distribuidor, etc. Editorial Tecnos, S.A
Fecha de publicación, distribución, etc. 1998
300 ## - DESCRIPCIÓN FÍSICA
Extensión 180 p
Otras características físicas ill. col.
Dimensiones 22 cm
505 ## - NOTA DE CONTENIDO CON FORMATO
Título Moralidades posmodernas. Verborreras. Fantasías del sistema. Encubrimientos. Criptas.
650 ## - PUNTO DE ACCESO ADICIONAL DE MATERIA--TÉRMINO DE MATERIA
Término de materia o nombre geográfico como elemento de entrada Posmodernidad
Subdivisión general Filosofia Francesa moderna
9 (RLIN) 1422
655 ## - TERMINO DE INDIZACIÓN--GENERO/FORMA
Datos o término principal de género/forma Filosofia del arte
9 (RLIN) 1423
700 ## - ENTRADA AGREGADA--NOMBRE PERSONAL
Nombre de persona Jean-Francois Lyotard
9 (RLIN) 1421
Holdings
Estatus retirado Estado de pérdida Fuente del sistema de clasificación o colocación Estado de daño No para préstamo Biblioteca de origen Biblioteca actual Ubicación en estantería Fecha de adquisición Total de préstamos Signatura topográfica completa Código de barras Visto por última vez Precio de reemplazo Tipo de ítem Koha
    Clasificación Decimal Dewey     Biblioteca LadoV Biblioteca LadoV   29/08/2014   194 L991m 000322 29/08/2014 29/08/2014 Material 01